| 000 | 01232nam a22003737a 4500 | ||
|---|---|---|---|
| 003 | CHAP | ||
| 005 | 20220329141305.0 | ||
| 008 | 971010s1980 r 00010 d | ||
| 010 | _a65849 | ||
| 011 | _a66821 | ||
| 035 | _a75802 | ||
| 040 | _cCHAP | ||
| 090 | _aTesis | ||
| 100 | 0 | 0 |
_aGonzález Armenta, Marco Vinicio. _948697 |
| 245 | _aEfecto morfogenético in vitro en Carica papaya L. | ||
| 260 |
_aChapingo, Méx. : _bEl autor, _c(1980?) |
||
| 300 |
_a70 h. _b: ilus. ; láms. |
||
| 500 | _a1992-587 | ||
| 502 | _aTesis (Ing. Agr. Esp. en Fitotecnia) -- UACH. Departamento de Fitotecnia | ||
| 590 |
_aALEPH _b10 _c20130110 _lUCH01 _h1358 |
||
| 590 |
_aBATCH-UPD _b10 _c20130110 _lUCH01 _h1947 |
||
| 590 |
_aBATCH-UPD _b10 _c20130410 _lUCH01 _h1309 |
||
| 590 |
_aBATCH-UPD _b10 _c20130914 _lUCH01 _h1115 |
||
| 590 |
_aCONVERSION _b10 _c20130109 _lUCH01 _h1336 |
||
| 650 | 1 | 4 |
_aCultivo de tejidos. _930213 |
| 650 | 1 | 4 |
_aPapaya _xCitología. _985326 |
| 650 | 1 | 4 |
_aPapaya _xPropagación. _985355 |
| 901 | _aBK | ||
| 942 | _cFOLL | ||
| 949 |
_bBC _cTES _d-46756 _eTS1 _i75802 _si |
||
| 949 |
_bBC _cTES _d-46758 _eTS2 _fc.2 _i75802 _si |
||
| 949 |
_bBC _cTES _d-46759 _eTS2 _fc.3 _i75802 _si |
||
| 949 |
_bZA _cTESBD _d-8779 _eTS1 _h123 _i75802 _si |
||
| 999 |
_c65849 _d65849 |
||